Yüklüyor......

Synthesis pattern of brain proteins during vitellogenesis in the Red cotton bug Dysercus Cingulatus (Fabr) (Insecta:Heteroptera:Pyrrhocoridae)

Detaylı Bibliyografya
Yazar: John, M A
Materyal Türü: Dissertation
Baskı/Yayın Bilgisi: Department of Zoology, University of Kerala 1988
Seri Bilgileri:Dr. D Muraleedharan
Konular:
LEADER 00639nam a2200193 4500
020
082 |a P055 JOH-88 
100 |a John, M A 
245 |a Synthesis pattern of brain proteins during vitellogenesis in the Red cotton bug Dysercus Cingulatus (Fabr) (Insecta:Heteroptera:Pyrrhocoridae) 
250
260 |a Department of Zoology, University of Kerala  |c 1988 
300
490 |a Dr. D Muraleedharan 
500
590 |a ABHI 
650 |a MPhil Dissertations 
942 |c DISS 
999 |c 93684  |d 93684 
952 |0 0  |1 0  |4 0  |6 P_055_000000000000000_JOH88  |7 0  |9 107152  |a ZGY  |b ZGY  |l 0  |o P055 JOH-88  |p ZGYP055  |r 2019-09-25  |w 2019-09-25  |y DISS